El Proletariado agrícola en México: ¿campesinos sin tierra o proletariados agrícolas?

Đã lưu trong:
Chi tiết về thư mục
Tác giả chính: Paré, Luisa
Tác giả của công ty: UNAM. Instituto de Investigaciones
Định dạng: Texto
Được phát hành: México, D.F: Siglo XXI
Các nhãn: Thêm thẻ
Không có thẻ, Là người đầu tiên thẻ bản ghi này!

MARC

LEADER 00000 a a2200000 04500
001 22583
003
040
020 |a 968-23-0400-8  
090 |a 154700  
100 |a Paré, Luisa  
110 |a UNAM. Instituto de Investigaciones  
245 |a El Proletariado agrícola en México: ¿campesinos sin tierra o proletariados agrícolas?  
260 |a México, D.F:   |b Siglo XXI  
300 |a 254 p   |b **no definido**   |b map.  
999 |c 16125  |d 16125